00510nam a2200181 a 450000100060000000300090000600800410001502000150005604000280007108200160009910000550011524500540017025000060022426000360023030000090026665000290027565000240030420668CO-ViMGA141112s2004 ck r 000 u spa d a8448602005 aCO-ViMGAbspacCO-ViMGA04a591.1 R153f1 aRandall, David; Burggren, Warren; French, Kathleen10aFisiología Animal : bMecanismos y adaptaciones a4 aMadrid : bMc Graw Hill, c1998 a795p14aADAPTACIÓN FISIOLOGICA14aFISIOLOGÍA ANIMAL